000 00955nam a2200265Ia 4500
003 OSt
005 20221005110750.0
006 a|||||r|||| 00| 0
007 ta
008 221004b |||||||| |||| 00| 0 hin d
020 _a9788126714438 (hbk)
_c75
024 _a13714
037 _bBR8176, 20/03/2014, Rajkamal Prakashan Pvt. Ltd.
_cTextual
040 _aCRL
_cCRL
_bhin
041 _2hin
_ahin
082 _aO152,3N493,DA, P7
100 _aअब्दुल बिस्मिल्लाह
245 0 _aदंतकथा
246 _aDantakathā
260 _aनई दिल्ली
_bराजकमल प्रकाशन भारत
_c2007
300 _a87पृ0
_ccm.
650 _aहिन्दी साहित्य
942 _hO152,3N493,DA, P7
_cTEXL
_2cc
999 _c1019816
_d1019816